000 00660nam a2200193Ii 4500
003 JO-AjNU
008 230605s9999||||xx |||||||||||||| ||und||
040 _aJO-AjNU
_bara
_erda
_cJO-AjNU
041 _aara
050 1 4 _aBP165 2002
100 3 _aإعداد كابلي، واصف أحمد فاضل,
_eauthor
_952109
245 0 0 _aخواطر في الأنوار والأسرار
264 3 1 _aد.م: المؤلف، 2002
300 _a144ص
336 _atext
_btxt
_2rdacontent
337 _aunmediated
_bn
_2rdamedia
338 _avolume
_bnc
_2rdacarrier
650 4 _aالقرآن الكريم- السيرة النبوية- السنة النبوية
_952110
999 _aA23063
_c26631
_d26631